Actores y actrices con más premios Oscar - Estadísticas

Estadísticas generales
  • Esta prueba ha sido intentada 599 veces
  • La puntuación promedio es 7 de 30
Estadísticas de respuestas
Nº Oscar Actor/Actriz % Correcto
3 Meryl Streep
81%
2 Tom Hanks
63%
2 Robert de Niro
62%
3 Jack Nicholson
56%
2 Marlon Brando
54%
4 Katherine Hepburn
47%
3 Daniel Day Lewis
43%
2 Denzel Washington
36%
2 Dustin Hoffman
33%
2 Bette Davis
26%
3 Ingrid Bergman
23%
2 Sean Penn
23%
2 Spencer Tracy
23%
2 Elizabeth Taylor
20%
2 Jane Fonda
18%
2 Gary Cooper
17%
2 Jodie Foster
17%
2 Olivia de Havilland
16%
2 Vivien Leigh
12%
3 Lawrence Olivier
11%
2 Gene Hackman
10%
3 Walter Brennan
10%
2 Helen Hayes
9%
2 Jack Lemmon
9%
2 Maggie Smith
7%
2 Anthony Quinn
5%
2 Shelley Winters
5%
2 Jason Robards
4%
2 Melvyn Douglas
2%
2 Peter Ustinov
2%
No se encontraron pruebas coincidentes
Distribución de puntuación
Porcentaje de gente con cada puntuación
Porcentaje por número respondido
Historial de tus puntuaciones
No has intentado esta prueba.